Inclusión de elementos (pasivos-activos) con enfoque bioclimático en el parque la 14 de Septiembre distrito V, Managua
Presenta una Inclusión de elementos (pasivos-activos) con enfoque bioclimático en el parque la 14 de Septiembre distrito V, Managua, el proyecto está basado en un diseño arquitectónico del parque, y es una propuesta objetiva de espacios abiertos en donde se aprovecha las condiciones climática...
| Main Author: | |
|---|---|
| Other Authors: | |
| Format: | Tesis Section = Libro |
| Language: | Undetermined Spanish |
| Published: |
Managua
UNI
2014
|
| Subjects: |
| LEADER | 01453nam a2200265Ia 4500 | ||
|---|---|---|---|
| 008 | 240830s9999 xx 000 0 und d | ||
| 040 | |a BIBLIOTECA-RUSB/ T.Mon 712.5 V434 | ||
| 041 | |a spa | ||
| 082 | |a T.Mon 712.5 V434 | ||
| 100 | 1 | |a Velásquez Campos, Vanessa Alejandra | |
| 245 | 1 | 0 | |a Inclusión de elementos (pasivos-activos) con enfoque bioclimático en el parque la 14 de Septiembre distrito V, Managua |
| 260 | |a Managua |b UNI |c 2014 | ||
| 300 | |a 54 p. :il. | ||
| 500 | |a Contiene: anexos e Incluye: CD. | ||
| 502 | |a Tesis (Arquitecto) - UNI, 2014. | ||
| 520 | 3 | |a Presenta una Inclusión de elementos (pasivos-activos) con enfoque bioclimático en el parque la 14 de Septiembre distrito V, Managua, el proyecto está basado en un diseño arquitectónico del parque, y es una propuesta objetiva de espacios abiertos en donde se aprovecha las condiciones climáticas del sol, vegetación, lluvia y viento, fundamentada en la aplicación de herramientas de análisis climatológico, por medio del uso de software tales como (Ecotec, Vasari), y la aplicación de estrategias con soluciones pasivas-activas con el medio ambiente. | |
| 650 | 7 | |a DISEÑO ARQUITECTONICO | |
| 650 | 7 | |b ARQUITECTURA-DISEÑOS Y PLANOS | |
| 650 | 7 | |c ESPACIOS PUBLICOS-PARQUE | |
| 650 | 7 | |d ARQUITECTA BIOCLIMATICA | |
| 650 | 7 | |e MODELOS ANALOGOS | |
| 700 | 1 | |a Tutor: |b Castillo Vanegas, Ingrid María | |
| 942 | |c BK |2 ddc | ||
| 991 | |a TESIS | ||
| 999 | |c 22024 | ||